| 000 | 00514 a2200193 4500 | ||
|---|---|---|---|
| 001 | 62103 | ||
| 005 | 20260407155914.0 | ||
| 008 | 260407a1966 arg spa d | ||
| 003 | AR-UNSa-BCEJYS | ||
| 040 |
_aAR-UNSa-BCEJYS _bspa _cAR-UNSa-BCEJYS |
||
| 080 |
_a369 _xSeguridad social |
||
| 245 | 1 | 0 | _aDerecho de la seguridad social |
| 264 | 1 |
_aBuenos Aires : _bEDIAR _c1966 |
|
| 300 |
_a470 p. _c23 cm. |
||
| 041 | _aspa | ||
| 942 | _cBK | ||
| 590 | _aniveau_biblio:m niveau_hierar:0 | ||
| 100 | 1 | _aEtala, Juan José | |
| 999 |
_c7556 _d7556 |
||